Statistics for 30 Largest Cities in New England

Click here to take the quiz!

General Stats

  • This quiz has been taken 21 times
  • The average score is 17 of 30

Answer Stats

Answer% Correct
Boston
100%
Providence
100%
Hartford
90%
Manchester
90%
Springfield
90%
Worcester
90%
Bridgeport
80%
New Haven
80%
Portland
75%
Cambridge
70%
Somerville
70%
Lowell
65%
Haverhill
60%
Stamford
60%
Nashua
50%
Pawtucket
50%
New Bedford
45%
Warwick
45%
Brockton
40%
Lynn
40%
Quincy
40%
Waterbury
40%
Danbury
35%
Fall River
35%
Cranston
25%
Norwalk
25%
Lawrence
20%
New Britain
20%
Newton
20%
Framingham
15%

Score Distribution

Percentile by Number Answered

Percent of People with Each Score

Your Score History

You have not taken this quiz